00310nam a2200121Ia 4500008004100000041000800041082001800049100002000067245002500087260003700112300003200149365000700181240624s9999 xx 000 0 und d aeng a658.15224 KOZ aKOZICKI STEPHEN aPERSUASIVE PRESENTER c2005aNew DelhibTata McGrawhill aviii, : 286 : p. : cm. ; 25 cRS